000 00517nam a2200181Ia 4500
003 GCL
008 140319s9999 xx 000 0 ara d
040 _aGCL /
_cGCL
082 0 4 _a818.03
_bم ا
100 1 _aمحمود عماره
245 1 0 _aاوراق مهاجر /
_cمحمود عماره
260 _a[S.N] :
_bالهيئة المصرية العامة للكتاب ،
_c1990
300 _a187 ص
490 _a
650 0 4 _aالمذكرات
650 0 4 _aالتراجم الذاتية
942 _2ddc
_cBK
999 _c34704
_d34704